000 00361nam a2200145Ia 4500
008 151213s9999 xx 000 0 und d
100 _aLiz & John Soars
245 _aNew headway
_cLiz & John Soars
260 _bOxford University
300 _a797 p.
650 _a English Language
650 _a English Language
700 _aLiz & John Soars
999 _c957
_d957